00804nam a22002057a 450000500170000001000150001702000260003203500140005803700130007208200090008524500890009426000350018327000890021830000240030770000460033170000370037794200200041499900190043495201450045320240201144622.0 aENG-139103 a9788195355822c699.00 aEN-122635 bDBAD/PUB aS21 aTagore and More:bSelected Stories/cTranslated By Hindol Chakraborty and Pritha das aDelhibNandy Enterprisesc2021 a114-C , Pocket-A, Phase-II Mayur ViharbDelhie110091mnandyenterprises114@gmail.com axv,316p.c22cm(hbk) aChakraborty , Hindol eTransalated961534 aDas, Pritha eTransalated961535 2ddccENhSmTAG c200498d200498 001040708NFICaZLSbZLSd2024-02-01eDBAD/PUBg699.00l2m3oS TAGpEN-122635r2024-07-04 00:00:00s2024-06-06t1v699.00w2024-02-01yEN